000 00801nam a2200229Ia 4500
001 10091
003 GE_BSU
008 181216s||||||||xx |||||||||||||| ||und||
040 _cGE_BSU
080 _a821.353.1–32
100 _aრურუა,ილია
245 _aროცა ცხოვრებას შეიტკბობ
245 _bმოთხრობები
245 _cრედ.ს.კლდიაშვილი.მხატვ.შ.ხოლუაშვილი
260 _aბათუმი
260 _bაჭარის ასსრ სახელგამი
260 _c1957
300 _a191გვ.16სმ.
653 _aმოთხრობები
653 _aროცა ცხოვრებას შეიტკბობ
942 _cBK
999 _c43363
_d43363